000 00468nam a2200145Ia 4500
003 OSt
005 20260202100604.0
008 211028s2018 xx 000 0 und d
040 _cAIMIT LIBRARY
041 _aeng
100 _aKiaran, Vinayak; Rose, Swapna.
_g1616222
_97974
245 _aCritical analysis on factors affecting employees performance with special reference to Manipal technologies ltd /
260 _aMangalore
_bSwapna Rose.
_c2018
942 _2ddc
_cPRO
999 _c219542
_d219542